00938nam a2200265 a 450000100060000000300080000600500170001400800410003102000150007203500190008704000320010604100080013808200280014624500670017425000120024126000490025330000260030250400510032865000520037965000400043170000270047194200120049899900170051095201450052769916BD-RjUL20211209081937.0170415s1981 enk b 001 0 eng  a0851864198 a(BD-RjUL)70128 aDLCcDLCdDLCdBD-RjULbeng aeng00223a542.10289bHAZ 198100aHazards in the chemical laboratory /cedited by L. Bretherick. a3rd ed. aLondon :bRoyal Society of Chemistry,c1981. axxi, 567 p. :c22 cm. aIncludes bibliographical references and index. 0aChemical laboratoriesxSafety measures.9207074 0aChemicalsxSafety measures.92070751 aBretherick, L.9207076 2ddccBK c69916d69916 00102ddc40718NFICaRUCLbRUCLcReadingd1986-01-15eTopper & co.g21.25l0o542.10289 HAZ 1981r2017-04-15 00:00:00tC-1w2017-04-15yBK